| 000 | 00773nam a22002177a 4500 | ||
|---|---|---|---|
| 999 |
_c17814 _d17814 |
||
| 003 | AR-CdUCM | ||
| 008 | 190509b ||||| |||| 00| 0 spa d | ||
| 040 |
_aMUNICIPALIDAD PROVINCIAL DEL CUSCO _cBIBLIOTECA MUNICIPAL DEL CUSCO |
||
| 082 |
_a940.55 / _bC74 |
||
| 100 |
_aCondliffe, J. B. _937995 |
||
| 245 | _aAgenda para la postguerra / | ||
| 260 |
_aMéxico : _bFondo de cultura económica, _c1944. |
||
| 300 |
_a211 páginas ; _c22 cm. |
||
| 440 |
_aDe obras económicas _937996 |
||
| 505 | _aContenido : Paz democrática -- Etapas de reorganización -- Desenvolvimiento económico internacional... | ||
| 650 |
_aReorganizacion _912054 |
||
| 650 |
_aSeguridad social _99350 |
||
| 650 |
_aEquilibrio de poder _93953 |
||
| 942 |
_2ddc _cLIBROS |
||
| 945 |
_arcc _d2019-05-27 |
||